000 00546nam a2200181Ia 4500
999 _c28930
_d28930
003 OSt
005 20210105133350.0
008 190216s9999||||xx |||||||||||||| ||und||
020 _a9788182643338
040 _coclc
082 _a610
_bJAY/A
100 _aJayakumar, V
_97990
245 0 _aArogyavum Bakshanakramavum /
_cV Jayakumar ; R V M Divakaran ; C P Biju
260 _bMathrubhumi Printing &publishing,
_aKozhikode:
_c2007.
300 _a171p
650 _aMalayalam
942 _cBK
_2ddc
_h610
_iJAY/A
_k610
_mJAY/A